| 000 | 00358nam a2200133Ia 4500 | ||
|---|---|---|---|
| 008 | 240624s9999 xx 000 0 und d | ||
| 041 | _aeng | ||
| 082 | _a370 KUM | ||
| 100 | _aKUMAR NITA | ||
| 245 | _aPOLITICS OF GENDER COMMUNITY AND MODERNI | ||
| 260 |
_c2011 _aNew Delhi _bOxford University Press |
||
| 300 | _axi, : 345 : p. : cm. ; 21 | ||
| 365 |
_cRS _b32 |
||
| 999 |
_c19102 _d19102 |
||